00544nam a2200193Ia 4500003000400000005001700004008004100021020002200062040000700084041000800091082002400099100002200123245006300145260004800208300001600256365001300272650002500285650004000310OSt20230622155913.0210423s2012 xx 000 0 und d a978-1-4221-7172-1 cAL aeng a658.4063 223bANTL aANTHONY (Scott D) aLittle black book of innovation: how it works how to do it aBostonbHarvard Business Review Pressc2012 axii,283bHB b995cINR aExecutive Management aManagement & Auxiliary Services 650